| 000 | 00502nam a2200193Ia 4500 | ||
|---|---|---|---|
| 001 | 13580 | ||
| 003 | GE_BSU | ||
| 008 | 181216s||||||||xx |||||||||||||| ||und|| | ||
| 040 | _cGE_BSU | ||
| 080 | _a94(410) | ||
| 100 | _aTalbot,Godfray | ||
| 245 | 4 | _aThe country Life Book of Queen Elizabeth.The Queen Mother | |
| 260 | _aLondon | ||
| 260 | _bBook club Associates | ||
| 260 | _c1978 | ||
| 300 | _a174p.ill.30cm. | ||
| 653 | _aThe country Life Book of Queen Elizabeth.The Queen Mother | ||
| 942 | _cBK | ||
| 999 |
_c46736 _d46736 |
||